| 000 | 01141cam a2200265 4500 | ||
|---|---|---|---|
| 001 | ABS63519 | ||
| 008 | 000000n2001 000 0 eng u | ||
| 035 | _a(Sirsi) u111258 | ||
| 100 | _aWatts, A. | ||
| 245 | _aPrescriptive right of way | ||
| 260 | _c2001 | ||
| 490 |
_aProperty Week _v66(9) 2 March 2001, 100(1) |
||
| 520 | _aLooks at the three ways in which a prescriptive right can be obtained: under the Prescription Act 1832; by the doctrine of lost modern grant and at common law. Discusses the different rules for each type of prescription. Considers what rights a prescriptive easement gives a buyer and the problems raised by the uncertainty in matters such as a right to enter and repair. Closes with a look at how buyers can protect themselves against the uncertainty raised by having a prescriptive right. | ||
| 590 | _aABS | ||
| 600 | _aRIGHTS OF WAY | ||
| 650 | _aEASEMENTS | ||
| 650 | _aPRESCRIPTIVE RIGHTS | ||
| 650 | _aPRESCRIPTION ACT 1832 | ||
| 650 | _aCOMMON LAW | ||
| 650 | _aLOST MODERN GRANT | ||
| 650 | _aUNCERTAINTY | ||
| 690 |
_aBoundary disputes _96221 |
||
| 700 | _aHeighton, M. | ||
| 942 | _n0 | ||
| 999 |
_c66289 _d66289 |
||